| 000 | 00709 a2200205 4500 | ||
|---|---|---|---|
| 005 | 20260218154826.0 | ||
| 008 | 260218b |||||||| |||| 00| 0 eng d | ||
| 020 |
_a9788126714094 _cरु 300.00 |
||
| 040 | _aMAIN | ||
| 082 |
_a891.4309 _bDH969H(27) |
||
| 100 | _aद्विवेदी, हजारीप्रसाद | ||
| 110 | _a | ||
| 245 | _aहिन्दी साहित्य : उद्भव और विकास | ||
| 250 | _aLatest edition | ||
| 260 |
_bराजकमल प्रकाशन _c2024 _aनई दिल्ली |
||
| 300 | _a324 | ||
| 650 | _aहिन्दी साहित्य | ||
| 651 | _aसाहित्य-इतिहास | ||
| 942 | _cHN | ||
| 999 |
_c393975 _d393975 |
||